000 00881nam a2200265Ia 4500
003 OSt
005 20220923222125.0
006 a|||||r|||| 00| 0
007 ta
008 220922b |||||||| |||| 00| 0 hin d
024 _a203,160
037 _cTextual
040 _aARTS
_cARTS
_bhin
041 _2hin
_ahin
082 _aO157,6M61x, 152L7.2
100 _aरवीन्द्रनाथ; अमृतराय, अनु.
_9165984
245 0 _aनिबंध
246 _aNibandha
250 _aसंस्क 2
260 _aनई दिलली
_b साहित्य अकादमी
_c1977
300 _a509पृ.
_ccm.
650 _aबंगाली साहित्य
_9156264
942 _hO157,6M61x, 152L7.2
_cTEXL
_2CC
999 _c353920
_d353920